A Journey of French-Language Spotlights - Statistics

General Stats
  • This quiz has been taken 271 times
  • The average score is 11 of 25
Answers on the Map
Answers color-coded by a green-red scale on the quiz's map according to % correct below.
 
Answer Stats
Answer % Correct
1 France
93%
1 Belgium
73%
1 Peugeot
68%
2 Switzerland
65%
2 Seychelles
59%
2 Senegal
58%
2 Chad
56%
2 Madagascar
54%
4 Luxembourg
51%
6 Canada
50%
2 French Guiana
48%
3 Omega
46%
4 Niger
45%
5 13
44%
4 Cameroon
44%
5 Monaco
42%
4 Central African Republic
41%
6 Ivory Coast
36%
6 D. R. Congo
33%
3 BNP Paribas
32%
5 Atomium
28%
3 Stella Artois
26%
3 Bugatti
25%
4 Hercule Poirot
17%
3 Cirque du Soleil
6%
No matching quizzes found
Score Distribution
Percent of People with Each Score
Percentile by Number Answered
Your Score History
You have not taken this quiz